| 000 | 00337nam a2200109Ia 4500 | ||
|---|---|---|---|
| 008 | 230907s9999||||xx |||||||||||||| ||und|| | ||
| 082 |
_a697 _bASH |
||
| 245 | 0 | _aAshrae standard 62.2-2016 : | |
| 260 |
_aAmerican Society of Heating, Refrigerating and Air-Conditioning Engineers (ASHRAE), _bAtlanta : _c2016 |
||
| 300 | _a45 p. | ||
| 942 | _cBK | ||
| 999 |
_c599492 _d599492 |
||